000 00820nmc a2200301 a 4500
003 AR-BaBNM
005 20251128210807.0
008 206020s2003 ||||||||||||||000 | spa||
020 _a84-8063-603-3
040 _cAR-BaBNM
100 1 _aGómez i Bruguera, Josepa
245 1 0 _aEducación emocional y lenguaje en la escuela
250 _a1ª ed.
260 _aBarcelona
_bOctaedro / Rosa Sensat
_c2003
300 0 _a185 p.
490 0 _aRosa Sensat
_vv. 3
650 4 _aAMBIENTE EDUCACIONAL
650 4 _aEMOCIONES
650 4 _aRELACIONES INTERPERSONALES
650 4 _aCOMUNICACION
650 4 _aCOMPETENCIAS
650 4 _aACTIVIDADES DE LA CLASE
650 4 _aACTIVIDADES EN GRUPO
653 0 _aESTRATEGIAS DIDACTICAS
653 0 _aENSENANZA DE LA LENGUA
942 _cBK
998 _cme-solo cat
999 _c16938
_d16938